Film Allgemeinwissen Quiz #2 - Statistiken

Allgemein
  • Dieses Quiz wurde 289 mal gespielt
  • Das Durchschnittsergebnis liegt bei 13 aus 20
Antwortstatistiken
Frage Antwort % Korrekt
Was für ein Fabelwesen ist Arielle aus dem gleichnamigen Disney-Film? Meerjungfrau
99%
Welche Hautfarbe hat die Hauptfigur Shrek aus der gleichnamigen Filmreihe? Grün
95%
In welcher Metropole spielt der zweite Teil von "Kevin – Allein zu Haus"? New York
95%
Der wievielte Teil der Filmreihe "Indiana Jones" trägt den Titel "Indiana Jones und das Rad des Schicksals"? 5
94%
In welchem Film, der elf Oscars gewann, spielen Kate Winslet und Leonardo DiCaprio die Hauptrollen? Titanic
90%
Aus welcher erfolgreichen Filmreihe kennt man Orte wie Rohan, Mordor und das Auenland? Der Herr der Ringe
89%
Wie heißt der fliegende Held aus dem Nimmerland, der für immer ein Kind bleiben will? Peter Pan
86%
Wie heißt der ebenfalls schauspielende Bruder von Liam Hemsworth Chris
78%
Welche Farbe hat das Lichtschwert des von Samuel L. Jackson gespielten Jedi-Meisters Mace Windu? Violett
78%
Nach welchem klassischen Komponisten ist ein berühmter Film-Bernhardiner benannt? Beethoven
70%
Welcher von Sylvester Stallone verkörperte Action-Held wurde zum Synonym für einen brutalen, männlichen Typ oder Kraftprotz? Rambo
65%
In welcher Filmreihe trägt die Protagonistin einen gelben Motorradanzug und ist mit einem Samurai-Schwert bewaffnet? Kill Bill
59%
Wie heißt der Vorgänger von Daniel Craig in der Rolle des James Bond? Pierce Brosnan
54%
In welchem Film aus den 90ern muss Michael Jordan zusammen mit Charakteren wie Daffy Duck und Bugs Bunny ein Basketballspiel gegen Aliens gewinnen? Space Jam
51%
Wer bildete neben Thomas Gottschalk das Film-Duo "Die Supernasen"? Mike Krüger
45%
Wie heißt die kultige Erotikfilm-Reihe aus Israel, deren Name an eine beliebte Süßspeise angelehnt ist? Eis am Stiel
41%
Der Werbeslogan welches Horrorfilms ist "Im Weltraum hört dich niemand schreien" Alien
38%
Welche Filmreihe handelt davon, dass die Menschen als lebende Batterien benutzt werden, um Maschinen mit Energie zu versorgen? Matrix
38%
Von welchem berühmten Regisseur stammen Filme wie "Die Farbe Lila", "Bridge of Spies" und "Die Fabelmans" Steven Spielberg
36%
Wie heißt der Darsteller von Batman im Film "The Batman"? Robert Pattinson
35%
Keine übereinstimmenden Quizze gefunden
Verteilung der Resultate
Anzahl Personen mit jedem Resultat
Perzentil nach korrekt beantworteten Fragen
Ihre Resultats-Entwicklung
Sie haben dieses Quiz noch nicht gespielt